| 000 | 01272nam2a2200277 4500 | ||
|---|---|---|---|
| 001 | RU\NLR\bibl\117176 | ||
| 005 | 20250617094958.0 | ||
| 010 | _a5-246-00217-9 | ||
| 021 |
_aRU _b2000-29701 _91399 |
||
| 035 | _a(NLR Aleph) 000114752 | ||
| 090 |
_a651909 _c651909 |
||
| 100 | _a20001110d2000 |||y0rusy50 ca | ||
| 101 | 0 | _arus | |
| 102 | _aRU | ||
| 105 | _aa ||||||||| | ||
| 200 | 1 |
_aКожтовары. Кожгалантерея. Обувь кожаная. Обувь войлочная. Обувь резиновая. Обувь спортивная. Одежда кожаная. Фурнитура обувная _eРоссия и др. страны СНГ |
|
| 210 |
_d2000 _aБ. м. |
||
| 215 |
_a311 с. _cил. |
||
| 320 | _aАлф. указ.: с. 15-62 | ||
| 461 | 0 |
_1001RU\NLR\bibl\121912 _12001#$aБизнес-карта 2000. Кожевенная и обувная промышленность$vТ. 16 _9679496 _cМ. _d2000 _nАДИ "Бизнес-Карта" _o[Деловые справ.] _tБизнес-карта 2000. Кожевенная и обувная промышленность _vТ. 16 |
|
| 801 | 0 |
_aRU _bNLR _c20001110 _gPSBO |
|
| 801 | 1 |
_aRU _bNLR _c20001110 |
|
| 852 |
_aNLR _j2000-3/13962 |
||
| 942 | _cBOOK | ||
| 980 | _aNB | ||